Key competencies <a> developing concept in general compulsory education

Salvato in:
Dettagli Bibliografici
Natura: Libro
Lingua:inglese
Pubblicazione: Brussels EURYDICE/Directorate-General for Education and Culture 2002
Soggetti:
Tags: Aggiungi Tag
Nessun Tag, puoi essere il primo ad aggiungerne!!

MARC

LEADER 00000nam a2200000 4500
001 c142950
005 20221124094609.7
020 |a 2-87116-346-4 
041 0 |a eng 
044 |a BE 
245 1 0 |a Key competencies  |b <a> developing concept in general compulsory education 
264 1 |a Brussels  |b EURYDICE/Directorate-General for Education and Culture  |c 2002 
300 |a 180 s. 
610 2 0 |a vzdelanie 
610 2 0 |a vzdelávanie 
610 2 0 |a programy rozvojové 
610 2 0 |a koncepcie 
610 2 0 |a porovnanie medzinárodné 
610 2 0 |a adresáre 
610 2 0 |a Európa